| 000 | 01061cam a22002774a 4500 | ||
|---|---|---|---|
| 001 | 14923275 | ||
| 005 | 20080220151610.0 | ||
| 008 | 070711s2007 gw a b 000 0 eng | ||
| 010 | _a2007932729 | ||
| 020 | _a9783540727897 (hbk. : alk. paper) | ||
| 040 |
_aDLC _cDLC _dDLC |
||
| 050 | 0 | 0 |
_aHG3881.5.B38 _bK63 2007 |
| 082 | 0 | 0 |
_a332.155 _222 _bKOC |
| 100 | 1 |
_aKoch, Elmar B. _95605 |
|
| 245 | 1 | 0 |
_aChallenges at the Bank for International Settlements : _bAn Economist's (Re)View / _cElmar B. Koch. |
| 260 |
_aBerlin : _bSpringer, _cc2007. |
||
| 300 |
_axiii, 356 p. : _bill. ; _c24 cm. |
||
| 500 | _awith 19 Figures and 56 Tables | ||
| 504 | _aIncludes bibliographical references. | ||
| 610 | 2 | 0 |
_aBank for International Settlements. _95606 |
| 650 | 0 |
_aBanks and banking. _95607 |
|
| 650 | 0 |
_aMonetary policy. _95608 |
|
| 942 |
_2ddc _cBB |
||
| 999 |
_c11687 _d11687 |
||